000 00811nas a2200241 4500
001 BR8705918
003 BR-BrBNA
005 20231205090822.0
007 ta
008 230509b bl.|||p| |||| 00| 00por d
040 _aBR-BrBNA
_bpor
_cBiblioteca Nacional de Agricultura
041 _a(Pt)
072 _aL72; M12
100 1 _aFabio, S.P. de
245 1 _aSobre alguns Nematoda parasitos de Hoplias malabaricus [Heliconema izecksohi, Paraseuratum soaresi, Spirocamallanus inopinatus]
650 _aTRAIRA
650 _aVERMINOSE
650 _aPARASITO DE ANIMAL
650 _aHELMINTO
773 0 _tArquivos da Universidade Federal Rural do Rio de Janeiro (Brazil)
_xISSN 0100-2481
_g(Jul-Dec 1982), v. 5(2) p. 179-186
_wBR8705918
909 _a202311
_bLúcia
_c55
_dLúcia Elande
942 _2AGRIS
_n0
_cANA
999 _c121054
_d121054